| 000 | 00763nas a2200277 4500 | ||
|---|---|---|---|
| 001 | BR2015002036 | ||
| 003 | BR-BrBNA | ||
| 005 | 20231205125206.0 | ||
| 007 | ta | ||
| 008 | 230509b bl.|||p| |||| 00| 00por d | ||
| 040 |
_aBR-BrBNA _bpor _cBiblioteca Nacional de Agricultura |
||
| 041 | _a(Pt) | ||
| 072 | _aE13 | ||
| 100 | 1 | _aImana, C.R. | |
| 100 | 1 | _aSouza, A.N. de | |
| 100 | 1 | _aÂngelo, H. | |
| 100 | 1 | _aSilva, M.L. da | |
| 100 | 1 | _aRezende, J.L.P. | |
| 245 | 1 | _aA tributação na produção de carvão vegetal | |
| 650 | _aFLORESTA | ||
| 650 | _aCARVÃO VEGETAL | ||
| 650 | _aIMPOSTO | ||
| 773 | 0 |
_tCerne (Brazil) _xISSN 0104-7760 _g(2015), v. 21(1) p. 9-16 _wBR2015002036 |
|
| 909 |
_a202311 _bLúcia _c55 _dLúcia Elande |
||
| 942 |
_2AGRIS _n0 _cANA |
||
| 999 |
_c243127 _d243127 |
||